The government of Japan
This book describes the government of Japan, with emphasis on the period of readjustment since the peace treaty of 1952.
Wedi'i Gadw mewn:
| Prif Awdur: | |
|---|---|
| Fformat: | Llyfr |
| Iaith: | Undetermined |
| Cyhoeddwyd: |
New York
Thomas Y. Crowell
1964
|
| Tagiau: |
Ychwanegu Tag
Dim Tagiau, Byddwch y cyntaf i dagio'r cofnod hwn!
|
| Thư viện lưu trữ: | Trung tâm Học liệu Trường Đại học Cần Thơ |
|---|
| LEADER | 00582nam a2200181Ia 4500 | ||
|---|---|---|---|
| 001 | CTU_107988 | ||
| 008 | 210402s9999 xx 000 0 und d | ||
| 082 | |a 320.952 | ||
| 082 | |b B959 | ||
| 100 | |a Burks, Ardath W. | ||
| 245 | 4 | |a The government of Japan | |
| 245 | 0 | |c Ardath W. Burks | |
| 260 | |a New York | ||
| 260 | |b Thomas Y. Crowell | ||
| 260 | |c 1964 | ||
| 520 | |a This book describes the government of Japan, with emphasis on the period of readjustment since the peace treaty of 1952. | ||
| 904 | |i Bạch Trúc | ||
| 980 | |a Trung tâm Học liệu Trường Đại học Cần Thơ | ||